BIBLIOTHÈQUE DE LA MAISON DU MEXIQUE

Logo 1 Logo 2

La ruta de Hernán Cortés (notice nᵒ 3919)

détails MARC
000 -Sello discográfico
campo de control de longitud fija 01360nam a2200397 4500
005 - Identificación de versión
campo de control 20251017062825.0
010 ## - Número Estándar Internacional de Libros (ISBN)
Número (ISBN) 968-32-0230-6
035 ## - Otros números de control del sistema
Número de control del sistema 25711
099 ## - fechas locales
Tipo de ítem Koha LIBRO
100 ## - Datos de procesamiento general
Datos de procesamiento general 19990127d1983 m y1spay5003 ba
105 ## - Campo de datos codificados: Material textual, monográfico
Datos codificados de monografía a 001zy
200 1# - Título y mención de responsabilidad
Título propio La ruta de Hernán Cortés
Designación general del material texto impreso
Primer mención de responsabilidad Fernando Benitez
Declaración de responsabilidad subsiguiente ilustraciones Miguel Covarrubias
210 ## - Publicación, distribución, etc.
Lugar de publicación, distribución, etc. México
Nombre del editor, distribuidor, etc. Salvat Mexicana de Ediciones
-- Fundación Cultural San Jerónimo Lídice
Fecha de publicación, distribución, etc. 1983
215 ## - Descripción física
Designación de material específico y extensión del ítem 258 p
Otras características físicas il.
Dimensiones 32 cm
318 ## - Nota de acción
Acción No se presta a domicilio
327 1# - Nota de contenidos
Texto de la nota Con grabados de la Historia de la Conquista de México de Antonio de Solís
345 ## - Nota de información de adquisición
Fuente de adquisición/dirección de la suscripción [OBSOLETO] Donación del Centro Cultural
410 #1 - Series
Título Colección "Imágen de México"
600 ## - Nombre personal usado como materia
Elemento de entrada Cortés
Parte del nombre distinta del elemento de entrada Hernán
Fechas 1485-1547
Número Koha 2380
607 ## - Nombre geográfico utilizado como tema
Elemento de entrada México
Subdivisión temática Historia
Subdivisión cronológica Conquista, 1519-1540
Número Koha 453
660 ## - Código de área geográfica
Código MX
700 ## - Nombre personal - Responsabilidad primaria
Elemento de entrada Benítez Gutiérrez
Parte del nombre distinta del elemento de entrada Fernando
Fechas 1912-2000
Adiciones a los nombres que no sean fechas marqués de San Francisco
Número Koha 1223
702 ## - Nombre personal - Responsabilidad secundaria
Elemento de entrada Covarrubias Duclaud
Parte del nombre distinta del elemento de entrada José Miguel
Fechas 1904-1957
Adiciones a los nombres que no sean fechas El Chamaco
Número Koha 3927
801 #0 - Fuente de origen
País FR
Agencia cm
Reglas de catalogación (convenciones descriptivas) AFNOR
900 ## -
-- 1/18267
900 ## -
-- 7109910177\270199
942 ## - ELEMENTOS DE ENTRADA SECUNDARIOS (KOHA)
Tipo de ítem Koha Livre
996 ## -
-- MEX
-- 751145101
-- MMAG
-- 001261
-- R972.02 B467RU
-- 20120110LIV
Exemplaires
Estatus retirado Estado de daño Estado de pérdida Fecha de adquisición Biblioteca de origen Biblioteca actual Ubicación en estantería Código de barras Precio de reemplazo Signatura topográfica completa No para préstamo Tipo de ítem Koha Nota pública Nota no pública
      05/08/2025 Casa México Paris Casa México Paris   001261 05/08/2025 R972.02 B467RU No se presta a domicilio Livre 20120110LIV 751145101